000 00898nam a2200313 a 4500
001 32397
003 AR-BaAGN
005 20250423110506.0
007 ta
008 220625s2006 ag |||||r|||| ||||||spa d
020 _a9871183410
040 _dAR-BaAGN
_aAR-BaAGN
_bspa
_eaacr
245 1 0 _aPolítica y movimientos sociales en un mundo hegemónico :
_blecciones desde Africa, Asia y América Latina
250 _a1ª ed.
260 _aBuenos Aires :
_bCLACSO,
_c2006.
300 _a416 páginas
336 _2rdacontent
_btxt
337 _2rdamedia
_bn
338 _2rdacarrier
_bnc
650 4 _aCIENCIAS SOCIALES
_91491
650 4 _aMOVIMIENTOS SOCIALES
_91849
651 4 _aÁfrica
_94085
651 4 _aAsia
_93635
651 4 _aAmérica Latina
_93630
700 1 _aBorón, Atilio A.,
_d1943-
_ecom
_96856
700 1 _aLechini, Gladys
_ecom
942 _cLIBRO
_kAGN
999 _c32397
_d32397